000 00583nam a2200193Ia 4500
003 GCL
008 140319s9999 xx 000 0 ara d
040 _aGCL /
_cGCL
082 0 4 _a415.1
_bا ا
100 1 _aابوحيان الاندلسى
245 1 0 _aارتشاف الضرب /
_cابوحيان الاندلسى
700 1 _aمصطفى احمد النحاس
260 _a[S.N] :
_bلجنة الاعلام والدراسات المستقبلية
490 _a
650 0 4 _aالنحو
650 0 4 _aاللغة العربية
650 0 4 _aالحروف
942 _2ddc
_cBK
999 _c29602
_d29602